Tài liệu đường bộ hải ngoại 20 : Quản lý mạng lưới đường nông thôn (Tài liệu tham khảo)

Tài liệu này cung cấp hướng dẫn để cán bộ quản lý đường có thể quản lý được mạng lưới của mình với lưu lượng giáo thông thấp trên đường nông thôn vì lợi ích của ccộng đồng dân cư địa phương....

Celý popis

Uloženo v:
Podrobná bibliografie
Korporativní autor: Department for International Development
Médium: Kniha
Jazyk:Undetermined
Vydáno: Hà Nội Giao Thông Vận Tải 2005
Témata:
Tagy: Přidat tag
Žádné tagy, Buďte první, kdo otaguje tento záznam!
Thư viện lưu trữ: Trung tâm Học liệu Trường Đại học Cần Thơ
LEADER 01081nam a2200217Ia 4500
001 CTU_125452
008 210402s9999 xx 000 0 und d
082 |a 388.3 
082 |b D419 
110 |a Department for International Development 
245 0 |a Tài liệu đường bộ hải ngoại 20 : 
245 0 |b Quản lý mạng lưới đường nông thôn (Tài liệu tham khảo) 
245 0 |c Department for International Development 
260 |a Hà Nội 
260 |b Giao Thông Vận Tải 
260 |c 2005 
520 |a Tài liệu này cung cấp hướng dẫn để cán bộ quản lý đường có thể quản lý được mạng lưới của mình với lưu lượng giáo thông thấp trên đường nông thôn vì lợi ích của ccộng đồng dân cư địa phương. 
650 |a Rural roads,Rural roads,Traffic safety 
650 |x Safety measures,Maintenance and repair 
904 |i Minh 
980 |a Trung tâm Học liệu Trường Đại học Cần Thơ